Fundamentals of national service training program : (Record no. 358125)
[ view plain ]
| 000 -LEADER | |
|---|---|
| fixed length control field | 00799nam a2200265Ia 4500 |
| 008 - FIXED-LENGTH DATA ELEMENTS--GENERAL INFORMATION | |
| fixed length control field | 180628s9999 xx 000 0 und d |
| 020 ## - INTERNATIONAL STANDARD BOOK NUMBER | |
| International Standard Book Number | 978-971-23-7087-8 |
| 050 ## - LIBRARY OF CONGRESS CALL NUMBER | |
| Classification number | FIL LC 220.5 |
| 050 ## - LIBRARY OF CONGRESS CALL NUMBER | |
| Item number | .S25 2014 |
| 100 ## - MAIN ENTRY--PERSONAL NAME | |
| Personal name | Saluba, Dennis J. |
| 245 #0 - TITLE STATEMENT | |
| Title | Fundamentals of national service training program : |
| 245 #0 - TITLE STATEMENT | |
| Remainder of title | civic welfare training service / |
| 245 #0 - TITLE STATEMENT | |
| Statement of responsibility, etc | Dennis J. Saluba. |
| 260 ## - PUBLICATION, DISTRIBUTION, ETC. (IMPRINT) | |
| Place of publication, distribution, etc | Manila : |
| 260 ## - PUBLICATION, DISTRIBUTION, ETC. (IMPRINT) | |
| Name of publisher, distributor, etc | Rex Bookstore, |
| 260 ## - PUBLICATION, DISTRIBUTION, ETC. (IMPRINT) | |
| Date of publication, distribution, etc | 2014 |
| 300 ## - PHYSICAL DESCRIPTION | |
| Extent | 130 pages : |
| 300 ## - PHYSICAL DESCRIPTION | |
| Other physical details | illustrations ; |
| 300 ## - PHYSICAL DESCRIPTION | |
| Dimensions | 26 cm. |
| 500 ## - GENERAL NOTE | |
| General note | Includes bibliographical references. |
| 650 ## - SUBJECT ADDED ENTRY--TOPICAL TERM | |
| Topical term or geographic name as entry element | Community and school -- Philippines. |
| 650 ## - SUBJECT ADDED ENTRY--TOPICAL TERM | |
| Topical term or geographic name as entry element | Service training -- Philippines. |
| 650 ## - SUBJECT ADDED ENTRY--TOPICAL TERM | |
| General subdivision | National service -- Philippines. |
| 650 ## - SUBJECT ADDED ENTRY--TOPICAL TERM | |
| General subdivision | Student activities -- Philippines. |
| Withdrawn status | Lost status | Damaged status | Home library | Current library | Shelving location | Date acquired | Cost, normal purchase price | Total Checkouts | Full call number | Barcode | Date last seen | Date checked out | Price effective from | Koha item type |
|---|---|---|---|---|---|---|---|---|---|---|---|---|---|---|
| South Mansfield College | South Mansfield College | Filipiniana Section | 06/21/2018 | 272.70 | 1 | FIL LC 220.5 .S25 2014 | SMC06169 | 06/01/2020 | 07/25/2018 | 06/28/2018 | Books |